Statistics for Countries That Do Not Have an Embassy in China

Click here to take the quiz!

General Stats

  • This quiz has been taken 48 times
  • The average score is 16 of 21

Answer Stats

ContinentDo they recognize China?Answer% Correct
EuropeYesAndorra
90%
EuropeYesLiechtenstein
90%
North AmericaNoSaint Kitts and Nevis
85%
North AmericaNoSaint Lucia
85%
EuropeYesSan Marino
85%
EuropeNoVatican City
85%
North AmericaYesAntigua and Barbuda
83%
North AmericaNoBelize
83%
North AmericaNoHaiti
83%
EuropeYesMonaco
83%
OceaniaNoNauru
83%
North AmericaNoSaint Vincent and the Grenadines
83%
North AmericaNoHonduras
80%
North AmericaNoGuatemala
78%
OceaniaNoPalau
78%
South AmericaNoParaguay
78%
OceaniaNoTuvalu
78%
OceaniaNoMarshall Islands
76%
AsiaNoBhutan
49%
EuropeYesLithuania
41%
AfricaNoEswatini
39%

Score Distribution

Percentile by Number Answered

Percent of People with Each Score

Your Score History

You have not taken this quiz